Central Library OPAC University of Rajshahi

Death leaves no card / (Record no. 18667)

MARC details
000 -LEADER
fixed length control field 00619nam a22002172a 4500
001 - CONTROL NUMBER
control field 18667
003 - CONTROL NUMBER IDENTIFIER
rucl marc code BD-RjUL
005 - DATE AND TIME OF LATEST TRANSACTION
control field 20211209000322.0
008 - FIXED-LENGTH DATA ELEMENTS--GENERAL INFORMATION
fixed length control field 140222r19431939enk 000 1 eng d
035 ## - SYSTEM CONTROL NUMBER
System control number (BD-RjUL)18725
-- OCLC ocm10298738 from D950405M
040 ## - CATALOGING SOURCE
Original cataloging agency GZM
Transcribing agency GZM
Modifying agency EQO
-- BD-RjUL
Language of cataloging eng
041 ## - LANGUAGE CODE
Language code of text/sound track or separate title eng
082 00 - DEWEY DECIMAL CLASSIFICATION NUMBER
Edition number 19
Classification number 823.9
Author mark and year BUD 1943
100 1# - MAIN ENTRY--PERSONAL NAME
Personal name Burton, Miles,
Dates associated with a name 1884-1964.
9 (RLIN) 57477
245 10 - TITLE STATEMENT
Title Death leaves no card /
Statement of responsibility, etc. by Miles Burton
260 ## - PUBLICATION, DISTRIBUTION, ETC. (IMPRINT)
Place of publication, distribution, etc. London :
Name of publisher, distributor, etc. W. Collins,
Date of publication, distribution, etc. 1939 [Reprinted 1943].
300 ## - PHYSICAL DESCRIPTION
Pagination 150 p. ;
Size 18 cm
490 1# - SERIES STATEMENT
Series statement Crime club
650 #0 - SUBJECT ADDED ENTRY--TOPICAL TERM
Topical term or geographic name as entry element leaves
9 (RLIN) 57478
942 ## - ADDED ENTRY ELEMENTS (KOHA)
Source of classification or shelving scheme Dewey Decimal Classification
Koha item type Books
Holdings
Lost status Source of classification or shelving scheme Damaged status Not for loan Collection code Permanent Location Current Location Shelving location Date acquired Source of acquisition Cost, normal purchase price Total Checkouts Full call number Date last seen Copy number Koha item type
  Dewey Decimal Classification   Not For Loan Non-fiction Central Library, University of Rajshahi Central Library, University of Rajshahi Reading Room 03/08/1968 Pratul 6.00   823.9 BUD 1943 22/02/2014 C-1 Books